000 00792cab a2200229 4500
001 WB2805-61
008 090401t1992 xxu||||| |||| 00| 0 eng d
035 _a(Sirsi) u20088
041 _aeng
245 _aHL rules against oral deals
260 _c1992
350 _a0
490 _aDaily Telegraph
_v24 January 1992, 4
490 _aTimes
_v27 January 1992, 15(2)
520 _aOral `subject-to-contract` agreements between parties during negotiations for the sale of a business or property are unenforceable under the law of contract in England and Wales according to HL in "Walford v Miles".
650 _aLAW OF CONTRACT
650 _aORAL AGREEMENTS
650 _aSUBJECT TO CONTRACT AGREEMENTS
690 _aPROPERTY LAW AND PRACTICE
942 _n0
948 _c04/03/1997
999 _c13459
_d13459